Strategic technology management
में बचाया:
| मुख्य लेखक: | |
|---|---|
| स्वरूप: | पुस्तक |
| भाषा: | Undetermined |
| प्रकाशित: |
Chichester
John Wiley & Sons
1992
|
| विषय: | |
| टैग : |
टैग जोड़ें
कोई टैग नहीं, इस रिकॉर्ड को टैग करने वाले पहले व्यक्ति बनें!
|
| Thư viện lưu trữ: | Trung tâm Học liệu Trường Đại học Cần Thơ |
|---|
| LEADER | 00554nam a2200193Ia 4500 | ||
|---|---|---|---|
| 001 | CTU_98917 | ||
| 008 | 210402s9999 xx 000 0 und d | ||
| 082 | |a 658.5 | ||
| 082 | |b D971 | ||
| 100 | |a Dussauge, Pierre | ||
| 245 | 0 | |a Strategic technology management | |
| 245 | 0 | |c Pierre Dussauge, Stuart Hart, Bernard Ramanantsoa | |
| 260 | |a Chichester | ||
| 260 | |b John Wiley & Sons | ||
| 260 | |c 1992 | ||
| 650 | |a Technology,Strategic planning | ||
| 650 | |x Management | ||
| 904 | |i Hiếu | ||
| 980 | |a Trung tâm Học liệu Trường Đại học Cần Thơ | ||